|
|
|
|
| LEADER |
00000nam0a2200000 4500 |
| 001 |
313053 |
| 005 |
20231102002539.0 |
| 035 |
|
|
|a (RuTPU)RU\TPU\book\338436
|
| 090 |
|
|
|a 313053
|
| 100 |
|
|
|a 20160112d1889 m y0rusy50 ca
|
| 101 |
1 |
|
|a rus
|c ger
|
| 102 |
|
|
|a UA
|
| 105 |
|
|
|a a j 001zy
|
| 200 |
1 |
|
|a Учебник эмбриологии животных позвоночных и человека
|e в 2 частях
|e пер. со второго нем. изд.
|f О. Гертвиг, Хертвиг (Hertwig)
|g пер. и прил. М. А. Шульгина
|
| 210 |
|
|
|a Одесса
|c Издание Графа М. М. Толстого и Д-ра М. А. Шульгина
|c Типография А. Шульце
|d 1889
|
| 215 |
|
|
|a 501 с.
|c в тексте 304 рисунка и 2 литограф. табл.
|
| 300 |
|
|
|a Текст в русской дореформенной орфографии
|
| 316 |
|
|
|5 63413507: М-132742
|a Владельческий переплет: "Н. С."
|
| 317 |
|
|
|5 63413507: М-132742
|a Поступила в НТБ в 1970 г. в составе книжного собрания профессора ТПИ И. Н. Бутакова
|
| 320 |
|
|
|a Библиогр. в конце ч.
|
| 320 |
|
|
|a Приложение: с. 184-186
|
| 320 |
|
|
|a Объяснение рисунков: с. 203-211
|
| 606 |
1 |
|
|a Биология
|2 stltpush
|3 (RuTPU)RU\TPU\subj\68258
|9 83692
|
| 610 |
1 |
|
|a эмбриология
|
| 610 |
1 |
|
|a эмбриональное развитие
|
| 610 |
1 |
|
|a эмбрионы
|
| 610 |
1 |
|
|a онтогенез
|
| 610 |
1 |
|
|a организм человека
|
| 610 |
1 |
|
|a зародыши
|
| 610 |
1 |
|
|a организм животных
|
| 610 |
1 |
|
|a развитие
|
| 610 |
1 |
|
|a органы
|
| 610 |
1 |
|
|a органы внутренней секреции
|
| 610 |
1 |
|
|a органы выделения
|
| 610 |
1 |
|
|a органы дыхания
|
| 610 |
1 |
|
|a органы зрения
|
| 610 |
1 |
|
|a органы кровообращения
|
| 610 |
1 |
|
|a органы пищеварения
|
| 610 |
1 |
|
|a учебники
|
| 610 |
1 |
|
|a библиотека И. Н. Бутакова
|
| 675 |
|
|
|a 57(075.8)
|v 4
|
| 700 |
|
1 |
|a Гертвиг, Хертвиг (Hertwig)
|b О.
|c немецкий биолог
|c основатель и директор анатомического института Берлинского университета
|f 1849-1922
|g Оскар
|2 stltpush
|3 (RuTPU)RU\TPU\pers\35995
|
| 702 |
|
1 |
|a Шульгин
|b М. А.
|4 730
|
| 801 |
|
1 |
|a RU
|b 63413507
|c 20160112
|
| 801 |
|
2 |
|a RU
|b 63413507
|c 20190805
|g RCR
|
| 942 |
|
|
|c BK
|